=LDR 00000nam 2200000 4500 =001 INLIS000000000000589 =005 20200916123430 =035 ##$$a 0010-061300000000589 =008 200916################g##########0#ind## =041 ##$$a Ind =082 ##$$a 302.2 =090 ##$$a 302.2 Con j =100 ##$$a Conn, Charles Paul =245 1#$$a Janji yang harus ditepati, fenomena dan keberhasilan Amway /$c Charles Paul Conn; alih bahasa Yudhistira Angga P =260 ##$$a Jakarta :$b Binarupa Aksara,$c 1993 =300 ##$$a 159 hlm. : $b ilus ; $c 13 x 20 cm =650 #4$$a Komunikasi =700 #$$a Angga, Yudhistira P =850 ##$$a NBPNMAT =084 ##$$a 302.2 CON j =520 ##$$a Judul asli : Promises to keep the am way phenomenon and how it works =990 ##$$a DW99002185 =990 ##$$a 00091733 =990 ##$$a 76.825/pro.94